[Event "POLFINALY MISTRZOSTW POLSKI JUNIOROW 2021 C-17"]
[Site "Jatrzebia Gora"]
[Date "1899-12-30"]
[Round "9.9"]
[White "Pieczulis, Blazej"]
[Black "Bartlomowicz, Jakub"]
[Result "0-1"]
[WhiteTitle "I"]
[BlackTitle "I"]
[WhiteElo "1726"]
[BlackElo "1842"]

1. e4 e5 2. Nf3 Nc6 3. Nc3 Nf6 4. d4 exd4 5. Nxd4 Bb4 6. Nxc6 bxc6 7. Bd3 O-O 8.
O-O d5 9. e5 Ng4 10. Bf4 Re8 11. Re1 Bc5 12. Bg3 Qg5 13. Qc1 Qxc1 14. Raxc1 Bd4
15. Re2 Nxe5 16. Rce1 f6 17. Kf1 Bd7 18. Nd1 Kf7 19. Ba6 Rab8 20. c3 Bc5 21. Bxe5
fxe5 22. Rxe5 Rxe5 23. Rxe5 Bd6 24. Re3 Bf4 25. Rf3 g5 26. h3 Bf5 27. Bd3 Be4
28. Rxf4+ gxf4 29. Be2 Bc2 30. b3 Bxd1 31. Bxd1 Kf6 32. Ke2 Ke5 33. Kd3 h6 34.
Be2 c5 35. Bf3 Rd8 36. Bg4 Rb8 37. Bf3 a5 38. c4 dxc4+ 39. Kxc4 Kd6 40. a3 c6
41. Be4 Re8 42. Bf3 Re1 43. h4 Rf1 44. h5 Rxf2 45. Be4 Re2 46. Bf3 Re3 47. Bg4
a4 48. b4 Rxa3 49. bxc5+ Kc7 50. Kb4 Ra1 51. Bf3 a3 52. Kb3 Rc1 53. Kxa3 Rxc5
54. Kb4 Rc1 55. Kb3 Kd6 56. Kb2 Rc5 57. Kb3 Ke5 58. Kb4 Kd4 59. Kb3 Rc3+ 60. Kb2
Rxf3 0-1

[Event "POLFINALY MISTRZOSTW POLSKI JUNIOROW 2021 C-17"]
[Site "Jatrzebia Gora"]
[Date "1899-12-30"]
[Round "9.10"]
[White "Skrzypczynski, Kacper"]
[Black "Sawicki, Wojciech"]
[Result "1/2-1/2"]
[WhiteTitle "I"]
[BlackTitle "II"]
[WhiteElo "1762"]
[BlackElo "1505"]

1. d4 Nf6 2. c4 e6 3. Nf3 Bb4+ 4. Bd2 Be7 5. Nc3 d5 6. Bg5 Nbd7 7. e3 a6 8. c5
O-O 9. Be2 h6 10. Bh4 c6 11. h3 Ne4 12. Bxe7 Qxe7 13. Nxe4 dxe4 14. Nd2 f5 15.
Qb3 Kh7 16. Nc4 e5 17. Nd6 exd4 18. exd4 b6 19. Nxc8 Rfxc8 20. cxb6 Rcb8 21. O-O
Rxb6 22. Qc3 Rab8 23. b3 Nf6 24. Bc4 Nh5 25. Qa5 Qg5 26. Qe5 Rf8 27. Kh2 Rbb8
28. Qd6 Rbd8 29. Qxc6 Rxd4 30. Qc5 Rfd8 31. Be6 g6 32. g3 Ng7 33. Qc7 Rd2 34.
Bc4 e3 35. Rae1 R2d7 36. Qc5 exf2 37. Rxf2 h5 38. Qe3 Qxe3 1/2-1/2

[Event "POLFINALY MISTRZOSTW POLSKI JUNIOROW 2021 C-17"]
[Site "Jatrzebia Gora"]
[Date "1899-12-30"]
[Round "9.11"]
[White "Kossowski, Pawel"]
[Black "Mocko, Maciej"]
[Result "1-0"]
[WhiteTitle "I"]
[BlackTitle "II"]
[WhiteElo "1761"]
[BlackElo "1527"]

1. e4 c5 2. Nf3 Nc6 3. d4 cxd4 4. Nxd4 Nf6 5. Nc3 e5 6. Ndb5 d6 7. Bg5 a6 8. Na3
b5 9. Nd5 Be7 10. Bxf6 Bxf6 11. c3 Bg5 12. Nc2 Ne7 13. Ncb4 O-O 14. a4 bxa4 15.
Rxa4 a5 16. Nxe7+ Qxe7 17. Nd5 Qd8 18. b3 Be6 19. Bc4 Kh8 20. h4 Bh6 21. g4 Bf4
22. Nxf4 Bxc4 23. Rxc4 exf4 24. Rd4 Qe7 25. Qf3 Rab8 26. c4 Rfe8 27. O-O Qxh4
28. Rfd1 h5 29. gxh5 Re5 30. Rd5 Rbe8 31. Rxe5 dxe5 32. Rd5 Qg5+ 33. Kf1 Ra8 34.
Qd1 f6 35. c5 Rc8 36. Rd8+ Rxd8 37. Qxd8+ Kh7 38. Qd7 Qh4 39. Qf5+ Kg8 40. Kg2
f3+ 41. Kxf3 Qh1+ 42. Ke2 Qb1 43. Qe6+ Kh7 44. Qc4 Qb2+ 45. Ke3 Qb1 46. Qc3 Qg1
47. c6 Qg5+ 48. Kd3 Qg4 49. c7 Qd1+ 50. Ke3 f5 51. exf5 e4 52. c8=Q Qf3+ 53. Kd4
Qxf2+ 54. Kxe4 1-0

[Event "POLFINALY MISTRZOSTW POLSKI JUNIOROW 2021 C-17"]
[Site "Jatrzebia Gora"]
[Date "1899-12-30"]
[Round "9.12"]
[White "Piechota, Kamil"]
[Black "Bekier, Piotr"]
[Result "0-1"]
[WhiteTitle "I"]
[BlackTitle "II"]
[WhiteElo "1752"]
[BlackElo "1293"]

1. e4 d6 2. d4 Nd7 3. Nc3 e5 4. Nf3 Ngf6 5. Bc4 Be7 6. O-O O-O 7. h3 a6 8. a4 h6
9. Be3 exd4 10. Nxd4 Ne5 11. Bb3 c5 12. Nf3 c4 13. Ba2 Be6 14. Nd4 Qc8 15. f4
Nc6 16. f5 Bd7 17. Bxc4 Ne5 18. Bb3 b5 19. Nd5 Nxd5 20. Bxd5 Rb8 21. axb5 axb5
22. Nf3 Nc4 23. Ba7 Bc6 24. Bxc4 bxc4 25. Bxb8 Qxb8 26. Qd4 Bf6 27. Qf2 Qxb2 28.
Rab1 Qa2 29. e5 dxe5 30. Qe2 Bxf3 31. gxf3 Qa7+ 32. Kg2 Qd7 33. Qxc4 Qxf5 34.
Qe4 Qg5+ 35. Qg4 Qe3 36. c4 Rd8 37. Kh1 g6 38. Qe4 Qc3 39. Rbc1 Qb2 40. Rc2 Qb8
41. c5 Qc8 42. c6 Qxh3+ 43. Kg1 Rc8 44. Rff2 Kg7 45. c7 Qg3+ 46. Rg2 Qf4 47. Qb7
Qf5 48. Qd5 Qf4 49. Qd3 e4 50. fxe4 Rxc7 51. Rgf2 Qg4+ 52. Rg2 Qc8 53. Rxc7 Qxc7
54. Rc2 Qe5 55. Kf1 0-1

[Event "POLFINALY MISTRZOSTW POLSKI JUNIOROW 2021 C-17"]
[Site "Jatrzebia Gora"]
[Date "1899-12-30"]
[Round "9.13"]
[White "Jedrzejczak, Michal"]
[Black "Wysocki, Mateusz"]
[Result "0-1"]
[WhiteTitle "II"]
[BlackTitle "I+"]
[WhiteElo "1448"]
[BlackElo "1955"]

1. c4 Nf6 2. Nc3 g6 3. g3 Bg7 4. Bg2 O-O 5. e4 d6 6. Nge2 c5 7. O-O Nc6 8. d3 Bd7
9. h3 a6 10. Be3 Ne8 11. d4 cxd4 12. Nxd4 Nc7 13. Nd5 Ne6 14. Ne2 b5 15. Rc1 b4
16. c5 dxc5 17. Bxc5 Nxc5 18. Rxc5 e6 19. Ne3 Qe7 20. Rc4 Ne5 21. Rc7 Rfc8 22.
Rb7 Rab8 23. Ra7 Rd8 24. Qb3 Qc5 25. Rxa6 Bb5 26. Rc1 Qe7 27. Ra5 Bxe2 28. Nc2
Rd3 29. Qa4 Nf3+ 30. Bxf3 Rxf3 31. Ne1 Rf6 32. f4 e5 33. Rxe5 Re6 34. Rd5 Rxe4
35. Rd7 Qe6 36. Qa7 Rf8 37. Nc2 Qxh3 0-1

[Event "POLFINALY MISTRZOSTW POLSKI JUNIOROW 2021 C-17"]
[Site "Jatrzebia Gora"]
[Date "1899-12-30"]
[Round "9.14"]
[White "Krasniewski, Szymon"]
[Black "Chybalski, Piotr"]
[Result "1/2-1/2"]
[WhiteTitle "I"]
[BlackTitle "II"]
[WhiteElo "1821"]
[BlackElo "1377"]

1. d4 d5 2. c4 c6 3. Nc3 Nf6 4. Bf4 a6 5. e3 b5 6. cxd5 cxd5 7. Bd3 Bg4 8. Nge2
e6 9. O-O Bd6 10. f3 Bh5 11. Rc1 Bg6 12. Bxd6 Qxd6 13. Bxb5+ Nbd7 14. Bxd7+ Nxd7
15. Nf4 Rb8 16. Rf2 Nb6 17. b3 Ke7 18. Qd2 Rbc8 19. Nd3 Bxd3 20. Qxd3 Rc6 21.
Rfc2 Rhc8 22. Nb1 Na8 23. Rxc6 Rxc6 24. Rxc6 Qxc6 25. Qc3 Kd7 26. Qxc6+ Kxc6 27.
Nc3 Nc7 28. Kf2 a5 29. Ke2 Na6 30. a3 f6 31. e4 g5 32. Kd3 h5 33. Ne2 Kd6 34.
Ng3 h4 35. Nh5 Ke7 36. exd5 exd5 37. Ng7 Nc7 38. b4 axb4 39. axb4 Nb5 40. Nf5+
Ke6 41. Ne3 Kd6 42. g3 hxg3 43. hxg3 Ke6 44. Nd1 Na3 45. Nc3 Nc4 46. b5 Kd6 47.
Na4 Na3 48. b6 Kc6 49. Nc5 Kxb6 50. Nd7+ Kc6 51. Nxf6 Nc4 52. Nh7 g4 53. fxg4
Kd6 54. g5 Ke6 55. g6 Nd6 56. g7 Kf7 57. g8=Q+ Kxg8 58. Nf6+ Kf7 59. Nxd5 Ke6
60. Ne3 Nf7 61. Ke4 Nd6+ 62. Kf4 Kf6 63. g4 Nf7 64. Nc4 Ke6 65. g5 Nxg5 66. Ne3
Nf7 67. d5+ Kd6 68. Kf5 Ne5 69. Ke4 Nd7 70. Kd4 Nf6 71. Nc4+ Kd7 72. Ke4 1/2-1/2

[Event "POLFINALY MISTRZOSTW POLSKI JUNIOROW 2021 C-17"]
[Site "Jatrzebia Gora"]
[Date "1899-12-30"]
[Round "9.15"]
[White "Falc, Pawel"]
[Black "Owoc, Jakub"]
[Result "0-1"]
[WhiteTitle "II+"]
[BlackTitle "I"]
[WhiteElo "1493"]
[BlackElo "1751"]

1. e4 c5 2. Nc3 a6 3. g3 b5 4. Bg2 Bb7 5. f4 e6 6. d3 Nf6 7. Nf3 d5 8. e5 Nfd7
9. d4 cxd4 10. Nxd4 Nc6 11. Nxc6 Bxc6 12. Be3 Bc5 13. Bxc5 Nxc5 14. Qg4 g6 15.
O-O h5 16. Qf3 Rc8 17. Qf2 Bb7 18. h3 Qb6 19. g4 hxg4 20. hxg4 Nd7 21. f5 gxf5
22. gxf5 Qxf2+ 23. Rxf2 b4 24. fxe6 fxe6 25. Nd1 Rh5 26. c3 bxc3 27. Nxc3 Rxe5
28. Raf1 Rc4 29. Ne2 Rg4 30. Rc1 d4 31. Kf1 Bxg2+ 32. Rxg2 Rxg2 0-1

[Event "POLFINALY MISTRZOSTW POLSKI JUNIOROW 2021 C-17"]
[Site "Jatrzebia Gora"]
[Date "1899-12-30"]
[Round "9.16"]
[White "Trela, Konrad"]
[Black "Dahche, Abdel-azziz"]
[Result "1-0"]
[WhiteTitle "II"]
[BlackTitle "I"]
[WhiteElo "1453"]
[BlackElo "1656"]

1. e4 c5 2. Nf3 d6 3. d4 cxd4 4. Nxd4 Nf6 5. Nc3 g6 6. g3 Bg7 7. Bg2 O-O 8. h3
Nc6 9. Nde2 Bd7 10. O-O Qc8 11. Kh2 h5 12. Be3 Ne5 13. b3 b5 14. Nd5 Nxd5 15.
exd5 Bg4 16. f3 Bxf3 17. Bxf3 Nxf3+ 18. Rxf3 Bxa1 19. Qxa1 Qxc2 20. Rf2 Rfc8 21.
Qd4 Qxa2 22. Qf4 f6 23. Qe4 Qc2 24. Qe6+ Kh8 25. Qxe7 Rc7 26. Qxf6+ Kh7 27. Nd4
Qe4 28. Qg5 Re8 29. Qh6+ Kg8 30. Ne6 Rd7 31. Rf8+ Rxf8 32. Qxf8+ Kh7 33. Ng5#
1-0

[Event "POLFINALY MISTRZOSTW POLSKI JUNIOROW 2021 C-17"]
[Site "Jatrzebia Gora"]
[Date "1899-12-30"]
[Round "9.17"]
[White "Wolny, Dawid"]
[Black "Galeziewski, Olaf"]
[Result "1-0"]
[WhiteTitle "II"]
[BlackTitle "II"]
[WhiteElo "1433"]
[BlackElo "1607"]

1. e4 g6 2. d4 Bg7 3. Nc3 c5 4. dxc5 Bxc3+ 5. bxc3 Qa5 6. Qd3 Nc6 7. f4 Qxc5 8.
Be3 Qa5 9. Nf3 d6 10. Be2 Nf6 11. h3 O-O 12. O-O a6 13. g4 Nd7 14. Qd2 Nc5 15.
Bd3 e5 16. f5 gxf5 17. gxf5 Bxf5 18. exf5 e4 19. Bh6 Kh8 20. Bxf8 Rxf8 21. Qh6
Rg8+ 22. Kh1 Qxc3 23. Rg1 Nd7 24. Rxg8+ Kxg8 25. Rg1+ Kh8 26. Ng5 1-0

[Event "POLFINALY MISTRZOSTW POLSKI JUNIOROW 2021 C-17"]
[Site "Jatrzebia Gora"]
[Date "1899-12-30"]
[Round "9.18"]
[White "Werner, Kacper"]
[Black "Celebias, Filip"]
[Result "1-0"]
[WhiteTitle "II+"]
[BlackTitle "II+"]
[WhiteElo "1589"]
[BlackElo "1534"]

1. e4 c5 2. Nf3 e6 3. g3 d5 4. exd5 exd5 5. Bg2 Nf6 6. O-O Be7 7. d4 c4 8. b3 b5
9. Ne5 Qc7 10. Nc3 Bb7 11. Nxb5 Qa5 12. bxc4 a6 13. Bd2 Qb6 14. Nc3 Qxd4 15. Rb1
Qxe5 16. Rxb7 1-0

[Event "POLFINALY MISTRZOSTW POLSKI JUNIOROW 2021 C-17"]
[Site "Jatrzebia Gora"]
[Date "1899-12-30"]
[Round "9.19"]
[White "Wolcyrz, Jakub"]
[Black "Labedz, Dawid"]
[Result "1-0"]
[WhiteTitle "II"]
[BlackTitle "II+"]
[WhiteElo "1350"]
[BlackElo "1542"]

1. Nf3 c5 2. e3 Nf6 3. c4 d5 4. d4 e6 5. Nc3 dxc4 6. Bxc4 Nc6 7. O-O a6 8. a4 b6
9. d5 exd5 10. Nxd5 Be7 11. Re1 Bg4 12. Nxe7 Qxe7 13. h3 Be6 14. Qe2 Bxc4 15.
Qxc4 Qe4 16. Qxe4+ Nxe4 17. Nd2 Nd6 18. Nf3 Ne4 19. Bd2 Nxd2 20. Nxd2 O-O-O 21.
Nc4 Kc7 22. Rec1 Nb4 23. Rc3 a5 24. Na3 Rd2 25. Nc4 Rd7 26. Kf1 f6 27. Ke2 Rhd8
28. g4 g6 29. h4 Rd5 30. Rg1 g5 31. hxg5 fxg5 32. Rh1 R8d7 33. Rh6 Nc6 34. Rb3
Nb4 35. Rxb6 Rd2+ 36. Nxd2 Kxb6 37. Ne4 h6 38. Rc3 Rc7 39. Rc1 Rc6 40. b3 Nd5
41. Ng3 Ne7 42. f3 Kc7 43. Ne4 Kb6 44. Kf2 Nd5 45. Rd1 Nb4 46. f4 gxf4 47. exf4
c4 48. bxc4 Rxc4 49. Kf3 Nc2 50. g5 hxg5 51. fxg5 Rxa4 52. g6 Ra3+ 53. Kf4 Ne3
54. Rd6+ Kc7 55. g7 Ng2+ 56. Ke5 Nh4 57. g8=Q Nf3+ 58. Kf4 1-0

[Event "POLFINALY MISTRZOSTW POLSKI JUNIOROW 2021 C-17"]
[Site "Jatrzebia Gora"]
[Date "1899-12-30"]
[Round "9.20"]
[White "Nowak, Maciej"]
[Black "Bednarczyk, Mateusz"]
[Result "1-0"]
[WhiteTitle "II"]
[BlackTitle "I"]
[WhiteElo "1537"]
[BlackElo "1525"]

1. d4 d5 2. c4 e6 3. Nc3 c6 4. Nf3 dxc4 5. a4 Bb4 6. e4 b5 7. Be2 Nf6 8. Qc2 h6
9. O-O Bxc3 10. bxc3 O-O 11. Bf4 a6 12. Rab1 Nbd7 13. Rfd1 Nb6 14. Nd2 Nxa4 15.
Bxc4 Nb6 16. Bd3 Bb7 17. Nb3 Ra7 18. Nc5 Nfd7 19. Nxd7 Qxd7 20. Qd2 f5 21. exf5
exf5 22. Re1 Nd5 23. Be5 c5 24. dxc5 Qc6 25. f3 Raa8 26. Bd6 Rf6 27. c4 bxc4 28.
Bxc4 Rxd6 29. cxd6 Qxc4 30. Rxb7 Qc6 31. Reb1 Qxd6 32. Qd4 a5 33. Qxg7# 1-0

[Event "POLFINALY MISTRZOSTW POLSKI JUNIOROW 2021 C-17"]
[Site "Jatrzebia Gora"]
[Date "1899-12-30"]
[Round "9.21"]
[White "Smuda, Tomasz"]
[Black "Majdanski, Maksymilian"]
[Result "0-1"]
[WhiteTitle "I"]
[BlackTitle "I++"]
[WhiteElo "1529"]
[BlackElo "1914"]

1. e4 c5 2. c3 d6 3. d4 Nf6 4. Bd3 Nc6 5. Ne2 g6 6. h3 Bg7 7. O-O O-O 8. Be3 cxd4
9. Nxd4 Ne5 10. Bc2 Nc4 11. Bc1 e5 12. Nf3 d5 13. exd5 Nxd5 14. b3 Ncb6 15. Bb2
Qc7 16. a3 Nf4 17. Nbd2 Rd8 18. Re1 Bd7 19. c4 f6 20. Qb1 Bxh3 21. gxh3 Qc8 22.
Be4 Qxh3 23. Nxe5 Rxd2 24. Qc1 Ne2+ 25. Rxe2 Rxe2 26. Bg2 Qxb3 27. Rb1 fxe5 28.
c5 Na4 29. Bf1 Rc2 30. Qd1 Nxb2 31. Qg4 Kh8 32. Re1 Rf8 33. Be2 Qc3 34. Kf1 Rc1
0-1

[Event "POLFINALY MISTRZOSTW POLSKI JUNIOROW 2021 C-17"]
[Site "Jatrzebia Gora"]
[Date "1899-12-30"]
[Round "9.22"]
[White "Wojciechowski, Franciszek"]
[Black "Kopestynski, Michal"]
[Result "1-0"]
[WhiteTitle "I"]
[BlackTitle "I"]
[WhiteElo "1716"]
[BlackElo "1604"]

1. d4 Nf6 2. Bf4 g6 3. Nc3 d5 4. e3 Bg7 5. Nf3 O-O 6. Be2 c6 7. Ne5 Nbd7 8. h4
Nxe5 9. Bxe5 Be6 10. h5 Nd7 11. Bxg7 Kxg7 12. Qd2 h6 13. f4 Nf6 14. O-O-O Ne4
15. Nxe4 dxe4 16. g4 g5 17. fxg5 hxg5 18. Kb1 Kh6 19. Rdf1 Qd7 20. Rhg1 b5 21.
Qb4 a5 22. Qc5 Qd6 23. Rf6+ Kg7 24. Qxg5+ Kh7 25. Rh6# 1-0

[Event "POLFINALY MISTRZOSTW POLSKI JUNIOROW 2021 C-17"]
[Site "Jatrzebia Gora"]
[Date "1899-12-30"]
[Round "9.23"]
[White "Przybysz, Krzysztof"]
[Black "Mazonik, Oliwier"]
[Result "1/2-1/2"]
[WhiteTitle "II"]
[BlackTitle "II"]
[WhiteElo "1133"]
[BlackElo "1432"]

1. e4 e5 2. Nf3 Nf6 3. Nxe5 d6 4. Nf3 Nxe4 5. Nc3 Nf6 6. d4 Bg4 7. h3 Bh5 8. Be3
Nbd7 9. g4 Bg6 10. Bd3 Bxd3 11. Qxd3 Be7 12. O-O-O c6 13. Rde1 O-O 14. Ng5 Re8
15. f4 b5 16. Nce4 d5 17. Nf2 a5 18. Nf3 b4 19. Ne5 Nxe5 20. fxe5 Nd7 21. c4 Nb6
22. c5 Nc4 23. Nd1 a4 24. Rhf1 a3 25. b3 Nb2 26. Nxb2 axb2+ 27. Kxb2 Bg5 28. Qf5
Qa5 29. Qb1 Qa3+ 30. Ka1 Bxe3 31. Rxe3 Re7 32. Qb2 Qa6 33. Qe2 Qc8 34. Qf2 Ra3
35. Rfe1 Rea7 36. R1e2 Qe6 37. Rd3 Qh6 38. Qe3 Qh4 39. Qg3 Qg5 40. Qe3 Qh4 41.
Qg3 1/2-1/2

[Event "POLFINALY MISTRZOSTW POLSKI JUNIOROW 2021 C-17"]
[Site "Jatrzebia Gora"]
[Date "1899-12-30"]
[Round "9.24"]
[White "Sliwa, Krzysztof"]
[Black "Szafranski, Maciej"]
[Result "0-1"]
[WhiteTitle "II"]
[BlackTitle "II+"]
[WhiteElo "1212"]
[BlackElo "1596"]

1. e4 c5 2. Nf3 d6 3. d4 cxd4 4. Nxd4 Nf6 5. Nc3 a6 6. f3 e5 7. Nb3 Be6 8. Be3
Nbd7 9. g4 Be7 10. Qd2 Nb6 11. O-O-O O-O 12. h4 Qc7 13. h5 Nc4 14. Bxc4 Qxc4 15.
g5 Nd7 16. Rdg1 b5 17. g6 Kh8 18. gxh7 Kxh7 19. Nd5 Bxd5 20. exd5 Nf6 21. Qg2
Ne8 22. f4 exf4 23. Bd4 f3 24. Qxf3 Rc8 25. Qe4+ f5 26. Qg2 Bf6 27. Bxf6 Rxf6
28. Rh2 Qe4 29. Qxe4 fxe4 30. Re2 Rf4 31. Rge1 Nf6 32. Nd2 Re8 33. Kd1 Kh6 34.
Rh2 Nxd5 35. c4 Nf6 36. cxb5 axb5 37. Reh1 Ng4 38. Re2 Nf2+ 0-1

[Event "POLFINALY MISTRZOSTW POLSKI JUNIOROW 2021 C-17"]
[Site "Jatrzebia Gora"]
[Date "1899-12-30"]
[Round "9.25"]
[White "Bujnowski, Adam"]
[Black "Komisarski, Jerzy"]
[Result "0-1"]
[WhiteTitle "III"]
[BlackTitle "II"]
[WhiteElo "1176"]
[BlackElo "1258"]

1. d4 b5 2. e4 Bb7 3. f3 a6 4. c4 bxc4 5. Bxc4 e6 6. Bb3 Ne7 7. Be3 d5 8. Nc3 g6
9. Nge2 Bg7 10. Qd2 O-O 11. Bh6 Nd7 12. Bxg7 Kxg7 13. h4 dxe4 14. fxe4 Nf6 15.
Bc2 c5 16. Rg1 cxd4 17. Nxd4 Nc6 18. Nb3 Qxd2+ 19. Nxd2 Ng4 20. Bd1 Nce5 21. Nf3
Nd3+ 22. Kf1 Nxb2 23. Be2 Nc4 24. Bxc4 Ne3+ 25. Ke2 Nxc4 26. Rab1 Nd6 27. e5 Nb5
28. Nd1 Rac8 29. a4 Bxf3+ 30. gxf3 Rc2+ 31. Kd3 Na3 32. Rb6 Rd8+ 33. Rd6 Rb8 34.
Ne3 Rb3+ 35. Ke4 Re2 36. Rd3 Rb4+ 37. Rd4 Rxe3+ 0-1